000 00706nam a2200193 a 4500
005 20140412111244.0
008 001110s19uu xx 00 eng d
020 _a0-916392-34-1
050 _aREF 303.3
_bJ6 1979
100 _aJohnson, Ann Donegan
245 _aThe Value of giving :
_bthe story of Beethoven /
_cAnn Donegan Johnson ; illustrated by Steve Pileggi.
260 _aLa Jolla, CA :
_bValue Comm., Inc Pub,
_c1979.
300 _a63 p. ; col. ; ill.
440 _aA Value Tale Series
520 _aA brief biography of Ludwig van Beethoven, emphasizing the importance of giving in his life.
650 _aBeethoven, Ludwig van, 1770-1827
650 _aComposers--Germany
999 _c102862
_d102862